Объектно-ориентированное программирование: учебное пособие

Chi tiết về thư mục
Tác giả chính: Тузовский А. Ф. Анатолий Федорович
Tác giả của công ty: Национальный исследовательский Томский политехнический университет (ТПУ)
Tóm tắt:В пособии рассматривается объектно-ориентированный подход к разработке приложений для операционной системы Windows с использованием платформы Microsoft Net. Поясняются структура платформы выполнения и создания программного обеспечения, принципы объектно-ориентированного подхода, язык программирования С#, разработка приложений с графическим интерфейсом и технология работы с базами данных ADO.Net <http://ADO.Net>.Пособие подготовлено на кафедре оптимизации систем управления ТПУ и предназначено для студентов ИДО, обучающихся по направлению 230700 «Прикладная информатика».
Ngôn ngữ:Tiếng Nga
Được phát hành: Томск, Изд-во ТПУ, 2014
Những chủ đề:
Định dạng: MixedMaterials Sách
KOHA link:https://koha.lib.tpu.ru/cgi-bin/koha/opac-detail.pl?biblionumber=291769

MARC

LEADER 00000nam0a2200000 4500
001 291769
005 20260413155842.0
035 |a (RuTPU)RU\TPU\book\316357 
035 |a RU\TPU\book\268079 
090 |a 291769 
100 |a 20150417d2014 m y0rusy50 ca 
101 0 |a rus 
102 |a RU 
105 |a a j 001zy 
200 1 |a Объектно-ориентированное программирование  |e учебное пособие  |f А. Ф. Тузовский  |g Национальный исследовательский Томский политехнический университет (ТПУ) 
210 |a Томск  |c Изд-во ТПУ  |d 2014 
215 |a 206 с.  |c ил. 
320 |a Библиогр.: с. 206. 
330 |a В пособии рассматривается объектно-ориентированный подход к разработке приложений для операционной системы Windows с использованием платформы Microsoft Net. Поясняются структура платформы выполнения и создания программного обеспечения, принципы объектно-ориентированного подхода, язык программирования С#, разработка приложений с графическим интерфейсом и технология работы с базами данных ADO.Net <http://ADO.Net>.Пособие подготовлено на кафедре оптимизации систем управления ТПУ и предназначено для студентов ИДО, обучающихся по направлению 230700 «Прикладная информатика». 
452 1 |0 (RuTPU)RU\TPU\book\321571  |t Объектно-ориентированное программирование  |o учебное пособие  |f А. Ф. Тузовский  |g Национальный исследовательский Томский политехнический университет (ТПУ), Институт кибернетики (ИК), Кафедра оптимизации систем управления (ОСУ)  |c Томск  |n Изд-во ТПУ  |d 2014  |a Тузовский, Анатолий Федорович 
606 1 |a Программирование объектно-ориентированное  |2 stltpush  |3 (RuTPU)RU\TPU\subj\51783  |9 70348 
610 1 |a понятия 
610 1 |a языки программирования 
610 1 |a NET 
610 1 |a C# 
610 1 |a базы данных 
610 1 |a данные 
610 1 |a приложения 
610 1 |a разработка 
610 1 |a учебные пособия 
610 1 |a труды учёных ТПУ 
675 |a 004.42(075.8)  |v 4 
700 1 |a Тузовский  |b А. Ф.  |c специалист в области информатики и вычислительной техники  |c профессор Томского политехнического университета, доктор технических наук  |f 1952-  |g Анатолий Федорович  |3 (RuTPU)RU\TPU\pers\25952  |9 11802 
712 0 2 |a Национальный исследовательский Томский политехнический университет (ТПУ)  |c (2009- )  |3 (RuTPU)RU\TPU\col\15902 
801 1 |a RU  |b 63413507  |c 20131206 
801 2 |a RU  |b 63413507  |c 20160429  |g RCR 
942 |c BK